Evolution
Tallennettuna:
| Päätekijä: | |
|---|---|
| Aineistotyyppi: | Kirja |
| Kieli: | englanti |
| Julkaistu: |
New York, USA
Holt, Rinehart and Winston
1963
|
| Sarja: | Modern Biology
|
| Aiheet: | |
| Tagit: |
Lisää tagi
Ei tageja, Lisää ensimmäinen tagi!
|
MARC
| LEADER | 00000nam a2200000 a 4500 | ||
|---|---|---|---|
| 001 | UCU4163 | ||
| 003 | CL-VaPUC | ||
| 005 | 20230112074252.0 | ||
| 008 | 960517e19630000US |||||||||||||||||eng|d | ||
| 999 | |c 247964 |d 247962 | ||
| 040 | |c Pontificia Universidad Católica de Valparaíso | ||
| 082 | 0 | 4 | |a 575 SAV 1963 |2 21 |
| 100 | 0 | |a Savage, Jay M |9 361610 | |
| 245 | 1 | 0 | |a Evolution |
| 260 | 0 | 3 | |a New York, USA |b Holt, Rinehart and Winston |c 1963 |
| 300 | |a 126 páginas | ||
| 490 | 0 | |a Modern Biology | |
| 583 | |a last modification |c 20160104 00:44:48 |k Rodrigo Vera | ||
| 650 | 0 | |a Evolución |9 259442 | |
| 650 | 0 | |a Biología |9 262022 | |
| 650 | 0 | |a Genética |9 259443 | |
| 650 | 0 | |a Adaptación biológica |9 337262 | |
| 650 | 7 | |a FENOMENOS BIOLOGICOS |2 CL-VaPUC |9 357344 | |
| 942 | |c BK |2 ddc | ||
| 945 | |d 19960517 00:00:00 |a paguirre | ||
| 952 | |0 0 |1 0 |2 ddc |4 0 |6 575_000000000000000_SAV_1963 |7 0 |8 A |9 264246 |a BIBCUR |b BIBCUR |d 2019-11-19 |i 1752146 |o 575 SAV 1963 |p 1752146 |r 2025-04-22 |t 1 |w 2019-11-19 |y BK |k BCB | ||
| 952 | |0 0 |1 0 |2 ddc |4 0 |6 575_000000000000000_SAV_1963 |7 0 |8 A |9 264247 |a BIBCUR |b BIBCUR |d 2019-11-19 |i 1777610 |o 575 SAV 1963 |p 1777610 |r 2025-04-22 |t 2 |w 2019-11-19 |y BK |k BIO | ||